000 00294nam a22001337a 4500
008 170331b xxu||||| |||| 00| 0 eng d
020 _a08721612172
041 _aeng
080 _a617
100 _a8
101 _aSHM
245 _aTHE TRAUMATIZED HAN AND WRIST
_cGILULA.L.A
942 _2udc
_cBK
999 _c9297
_d9297